Misconceptions of risk
Guardado en:
| Autor principal: | |
|---|---|
| Formato: | Libro |
| Lenguaje: | inglés |
| Publicado: |
Chichester
Wiley
2010
|
| Materias: | |
| Etiquetas: |
Sin Etiquetas, Sea el primero en etiquetar este registro!
|
MARC
| LEADER | 00000nam a2200000 4500 | ||
|---|---|---|---|
| 001 | 0117525 | ||
| 005 | 20240312115847.5 | ||
| 020 | |a 978-0-470-68388-0 | ||
| 041 | 0 | |a eng | |
| 044 | |a GB | ||
| 245 | 1 | 0 | |a Misconceptions of risk |c Terje Aven |
| 264 | 1 | |a Chichester |b Wiley |c 2010 | |
| 300 | |a 240 s. | ||
| 610 | 2 | 0 | |a riziko |
| 610 | 2 | 0 | |a analýzy |
| 610 | 2 | 0 | |a pravdepodobnosť |
| 610 | 2 | 0 | |a rozhodovanie za neurčitosti |
| 610 | 2 | 0 | |a modely analytické ekonometrické |
| 610 | 2 | 0 | |a risk management |
| 100 | 1 | |a Aven, Terje | |